Score 0/20 Timer 05:00
0 Plays Today
% Correct
temporibus
91.7%
consulibus
91%
temporibus
91%
consul
90.3%
consulibus
90.3%
Tempus
89.7%
temporum
84.8%
tempora
83.4%
consulēs
82.8%
tempora
82.8%
% Correct
consulem
80.7%
consulī
78.6%
consulis
77.2%
consulēs
77.2%
temporī
77.2%
tempore
77.2%
temporis
76.6%
consule
75.2%
tempus
74.5%
consulum
73.8%
Remove Ads.
Support Sporcle.
Get the best of Sporcle when you Go Orange. This ad-free experience offers more features, more stats, and more fun while also helping to support Sporcle. Thank you for becoming a member.

You're not logged in!

Compare scores with friends on all Sporcle quizzes.
OR
Log In

Show Comments

Extras

Created Sep 13, 2013ReportNominate
Tags:Clickable Quiz, case

Top Quizzes Today


Score Distribution

Your Account Isn't Verified!

In order to create a playlist on Sporcle, you need to verify the email address you used during registration. Go to your Sporcle Settings to finish the process.

Report this User

Report this user for behavior that violates our Community Guidelines.

Details: